Formel 1 - Spezial Lackierungen #4 - Statistiken

Allgemein
  • Dieses Quiz wurde 31 mal gespielt
  • Das Durchschnittsergebnis liegt bei 13 aus 21
Antwortstatistiken
Bildquiz Antwort % Korrekt
Ferrari
100%
Ferrari
78%
McLaren
74%
Red Bull
74%
Sauber
74%
2023
70%
Visa Cash App Racing Bulls
70%
2023
67%
2024
67%
2024
67%
2025
67%
Monaco (Monte Carlo)
67%
USA (Miami)
67%
2023
59%
Italien (Monza)
59%
Spanien (Barcelona)
56%
USA (Las Vegas)
44%
2008
33%
Red Bull
33%
Brasilien (Interlagos)
15%
Singapur (Marina Bay)
15%
Keine übereinstimmenden Quizze gefunden
Verteilung der Resultate
Anzahl Personen mit jedem Resultat
Perzentil nach korrekt beantworteten Fragen
Ihre Resultats-Entwicklung
Sie haben dieses Quiz noch nicht gespielt